Maximiliano : emperador de México, no fue traidor /

Furkejuvvon:
Bibliográfalaš dieđut
Váldodahkki: Septién y de la Llata, Juan Antonio (autor)
Materiálatiipa: Girji
Giella:espánnjágiella
Fáttát:
Fáddágilkorat: Lasit fáddágilkoriid
Eai fáddágilkorat, Lasit vuosttaš fáddágilkora!

MARC

LEADER 00000nam^a2200000^a^4500
001 000380969
005 20250526000000.0
009 20260310120629.794
037 |a Acervo Xavier Clavigero 
041 |a ESP 
082 |a 972. 049  |b SEP 
100 |a Septién y de la Llata, Juan Antonio  |e (autor) 
245 1 0 |a Maximiliano :  |b emperador de México, no fue traidor /  |c J.A. Septién y de la Llata. 
264 |a lugar de publicación no identificado :  |b editorial no identificada,  |c fecha no identificada 
300 |a 436, 10 p., [1] lámina ;  |c 25.5 cm. 
336 |a texto  |b txt  |2 rdacontenido 
337 |a sin mediación  |b n  |2 rdamedio 
338 |a volumen  |b nc  |2 rdasoporte 
562 |a Falta cubierta 
562 |a Falta página: 1-7 
649 |a XX 
650 |a Jefes de Estado Mexicanos 
650 |a Políticos Mexicanos 
650 |a México -  |x Historia -  |y Siglo XIX 
650 |a México -  |x Historia -  |y Regencia e Imperio, 1863-1867 
650 |a México -  |x Historia -  |x Documentos 
650 |a Habsburgo, Maximiliano de,  |c Emperador de México -  |x Tema Principal 
910 |a Fondo General 
920 |a Impresos - Libros 
930 |a Libros Antiguos y Raros 
905 |a 108 
901 |a 0500276116  |b IT2  |c LRA  |u 20250526 
902 |a https://opac.biblio.iteso.mx/vufind/Record/000380969